[Event "Zilina Region-ch"]
[Site "Zilina"]
[Date "2012.05.06"]
[Round "5"]
[White "Krivkova, Adriana"]
[Black "Badik, Andrej"]
[Result "1-0"]
[WhiteElo "1555"]
[BlackElo "1287"]
[PlyCount "89"]
[EventDate "2012.05.04"]
[EventType "swiss"]
[EventRounds "7"]
[EventCountry "SVK"]
[SourceTitle "CBM 148 Extra"]
[Source "ChessBase"]
[SourceDate "2012.06.22"]
[SourceVersion "1"]
[SourceVersionDate "2012.06.22"]
[SourceQuality "1"]

1. e4 e5 2. Nc3 Nf6 3. f4 d5 4. fxe5 Nxe4 5. d3 Nxc3 6. bxc3 Be7 7. Nf3 Nc6 8. d4 0-0 9. Bd3 f6 10. exf6 Rxf6 11. 0-0 Bg4 12. Bxh7+ Kh8 13. Bd3 Rf8 14. Be2 Qe8 15. h3 Bh5 16. Qe1 Bg6 17. Bd3 Bxd3 18. cxd3 Bf6 19. Qd1 Qh5 20. Ba3 Rfe8 21. Rb1 b6 22. Qd2 Be7 23. Bxe7 Nxe7 24. Qf4 c6 25. Rbe1 Qg6 26. Qh4+ Kg8 27. Rxe7 Rxe7 28. Qxe7 Qxd3 29. Ng5 Qg6 30. Ne6 Re8 31. Rf8+ Rxf8 32. Qxf8+ Kh7 33. Qe7 Qh6 34. Qf7 Qf6 35. Qxf6 gxf6 36. Kf2 Kg6 37. g4 f5 38. Nd8 c5 39. Nc6 a5 40. dxc5 bxc5 41. Nxa5 fxg4 42. hxg4 Kg5 43. Nc6 Kxg4 44. a4 d4 45. Nxd4 1-0

[Event "Zilina Region-ch"]
[Site "Zilina"]
[Date "2012.05.06"]
[Round "6"]
[White "Pataky, Tibor"]
[Black "Badik, Andrej"]
[Result "1-0"]
[WhiteElo "1634"]
[BlackElo "1287"]
[PlyCount "99"]
[EventDate "2012.05.04"]
[EventType "swiss"]
[EventRounds "7"]
[EventCountry "SVK"]
[SourceTitle "CBM 148 Extra"]
[Source "ChessBase"]
[SourceDate "2012.06.22"]
[SourceVersion "1"]
[SourceVersionDate "2012.06.22"]
[SourceQuality "1"]

1. e4 e5 2. Nf3 Nc6 3. Bb5 a6 4. Ba4 Nf6 5. 0-0 Be7 6. Re1 0-0 7. c3 b5 8. Bb3 d5 9. exd5 Nxd5 10. Nxe5 Nxe5 11. Rxe5 c6 12. d4 Bd6 13. Re1 Qh4 14. g3 Qh3 15. Qf3 Be6 16. Re4 Nf6 17. Rh4 Qf5 18. Qe2 g5 19. Bc2 Qd5 20. Be4 Nxe4 21. Rxe4 Bf5 22. Re3 f6 23. c4 bxc4 24. Nc3 Qf7 25. Ne4 Bb4 26. a3 Ba5 27. Nd6 Qd5 28. Qxc4 Qxc4 29. Nxc4 Bc7 30. Re7 Bd8 31. Re1 Bc7 32. Bd2 Bd3 33. Rac1 Rad8 34. Bb4 Rf7 35. Ne3 Rxd4 36. Rxc6 a5 37. Bc3 Rd6 38. Rxd6 Bxd6 39. Rd1 Bxa3 40. Rxd3 Bb4 41. Bxb4 axb4 42. Rb3 Rb7 43. Nc2 Kf7 44. Rxb4 Rxb4 45. Nxb4 Ke6 46. Kg2 Kd6 47. Kf3 Kc5 48. Nc2 Kc4 49. Ne3+ Kb3 50. Kg4 1-0